Sortez de la France à l'aveugle #2 (certains départements tuent) - Statistiques

Statistiques générales
  • Ce quiz a été pris 62 fois
  • Le résultat moyen est 4 sur 12
Statistiques - réponses
Hint Réponse % Correct
a - Vous débarquez dans le département où se situe le Cimetière américain de Colleville-sur-Mer 14
100%
b - Ensuite vous devez vous diriger dans le département frontalier où se trouve Le Signal d'Écouves, point culminant de Normandie à 413 m 61
48%
c - Direction sud dans le département voisin où se trouve le zoo de La Flèche 72
43%
f - Prenez la direction du département qui a La Souterraine comme deuxième commune la plus peuplée (en 2025 derrière la préfecture et devant la sous-préfecture) 23
29%
e - Dirigez vous vers le département qui correspond à la somme des cubes des entiers 1, 2 et 3 36
29%
d - Allez dans le département frontalier qui permet d'aller le plus loin possible au sud grâce à sa forme en pointe vers le bas 37
29%
h - Vous êtes encore vivant ! Allez désormais dans le département frontalier dont la somme de ses deux chiffres fait 7 43
29%
g - Votre salut est à l'est dans le département qui correspond au nombre de case au jeu de l'oie 63
29%
i - Attention ca va se corser. Vous devez vous rendre dans le département où se trouve Lachapelle-sous-Aubenas 07
26%
j - La route n'est pas terminée. Allez dans le département frontalier qui a la particularité d'être le seul entier successeur d'un carré et prédécesseur d'un cube 26
26%
k - Avant dernière étape, dirigez vous dans le département frontalier qui correspond à la somme des carrés des trois premiers nombres premiers 38
19%
l - Dernière marche à gravir, elle se trouve à La Grande Casse (3 855 m) qui est le plus haut sommet du massif de la Vanoise et du (numéro de) département que vous devez taper 73
17%
Aucun quiz correspondant
Distribution des résultats
% des personnes avec chaque résultat
Percentile par nombre de réponses
Votre historique - résultats
Vous n’avez pas pris ce quiz